000 00858nam a2200205Ii 4500
003 JO-AjNU
008 230605s9999||||xx |||||||||||||| ||und||
040 _aJO-AjNU
_bara
_erda
_cJO-AjNU
041 _aara
050 1 4 _aHG4026 2010
100 3 _aبحوث وأوراق ملتقى العربي الرابع " الاساليب الحديثة في الادارة المالية العامة" ......,
_eauthor
_951961
245 0 0 _aادارة المال العام: التخصيص والاستخدام
264 3 1 _aالقاهرة: المنظمة العربية للتنمية الادارية، 2010
300 _a411ص
336 _atext
_btxt
_2rdacontent
337 _aunmediated
_bn
_2rdamedia
338 _avolume
_bnc
_2rdacarrier
490 0 _aاعمال مؤتمرات
650 4 _aالمالية العامة - إدارة - مؤتمرات
_951962
999 _aA22989
_c26557
_d26557